[Event "NOE Landesliga 2017/2018"]
[Site "verschiedene"]
[Date "2017.10.29"]
[Round "3"]
[Board "2"]
[White "Schirmbeck, Hannes"]
[Black "Wetscherek, Gerhard"]
[Result "0-1"]
[WhiteElo "2195"]
[BlackElo "2041"]
[PlyCount "82"]
[EventDate "2017.10.01"]
[EventType "team"]
[EventRounds "11"]
[EventCountry "AUT"]
[WhiteTeam "SV Stockerau"]
[BlackTeam "SG Bisamberg/Korneuburg"]

1. e4 d6 2. d4 g6 3. c4 Bg7 4. Nc3 c6 5. Be2 Qc7 6. f4 a6 7. Be3 Nh6 8. g4 Nd7
9. g5 Ng8 10. Nf3 h6 11. Qc2 hxg5 12. Nxg5 Ndf6 13. O-O-O Bg4 14. e5 Bf5 15.
exf6 exf6 16. Nge4 d5 17. cxd5 cxd5 18. Bd3 dxe4 19. Nxe4 Rc8 20. Nc3 Bxd3 21.
Qxd3 f5 22. Kb1 Nf6 23. h4 Qd6 24. d5 Rd8 25. Bd4 Kf8 26. Be5 Qc5 27. Bd4 Qd6
28. Qf3 Nh5 29. Rhf1 Bxd4 30. Rxd4 Kg7 31. Rfd1 b5 32. Ne2 Nf6 33. Rf1 Ne4 34.
Ng3 Qf6 35. Rxe4 fxe4 36. Nxe4 Qf5 37. Ka1 Qxd5 38. f5 Rxh4 39. fxg6 f5 40.
Qc3+ Qd4 41. Qb3 Qc4  0-1

[Event "NOE Landesliga 2017/2018"]
[Site "verschiedene"]
[Date "2017.10.29"]
[Round "3"]
[Board "3"]
[White "Froewis, Annika"]
[Black "Piringer, Florian"]
[Result "1/2-1/2"]
[WhiteElo "2075"]
[BlackElo "2183"]
[PlyCount "139"]
[EventDate "2017.10.01"]
[EventType "team"]
[EventRounds "11"]
[EventCountry "AUT"]
[WhiteTeam "SG Bisamberg/Korneuburg"]
[BlackTeam "SV Stockerau"]

1. e4 e5 2. Nf3 Nc6 3. d4 exd4 4. Nxd4 Bb4+ 5. c3 Bc5 6. Nxc6 bxc6 7. Bc4 d6 8.
Qf3 Qf6 9. Nd2 Be6 10. Bd3 Qxf3 11. gxf3 Ne7 12. f4 f5 13. Nb3 Bb6 14. Nd4 Bxd4
15. cxd4 fxe4 16. Bxe4 Bf5 17. Bg2 Rb8 18. a3 Rb3 19. O-O Kd7 20. Re1 Nd5 21.
Bf1 Bd3 22. Bh3+ Kd8 23. Bg2 Re8 24. Rxe8+ Kxe8 25. Bf3 Bc2 26. Be2 Nb6 27. Kg2
Na4 28. Bc4 Be4+ 29. Kg1 Rb8 30. b4 Nb6 31. Be2 g6 32. Bd2 Kd7 33. Bg4+ Bf5 34.
Bf3 Nd5 35. Rc1 Bh3 36. Bxd5 cxd5 37. Rc3 Bf5 38. Kg2 Re8 39. Be3 Kc8 40. Kg3
Kb7 41. Kh4 h6 42. Kg3 Kb6 43. Kf3 h5 44. h4 Bg4+ 45. Kg2 Bd7 46. Kf3 Re7 47.
Ke2 Kb5 48. Kd2 Bh3 49. Kc1 Bf1 50. Kb2 Ka4 51. Rc1 Bd3 52. Kc3 Bf5 53. Kb2 Bd3
54. Kc3 Be2 55. Kb2 Bc4 56. Rg1 Re6 57. Rc1 a6 58. Rg1 Kb5 59. Kc3 Rf6 60. Rg5
Be2 61. Rxd5+ Kc6 62. Rg5 Bf3 63. Ra5 Rf5 64. Rxa6+ Kb7 65. Ra5 Rxa5 66. bxa5
Ka6 67. Kb4 c5+ 68. dxc5 dxc5+ 69. Bxc5 Be4 70. Bb6  1/2-1/2

[Event "NOE Landesliga 2017/2018"]
[Site "verschiedene"]
[Date "2017.10.29"]
[Round "3"]
[Board "4"]
[White "Batyte, Daiva"]
[Black "Schmidrathner, Christian"]
[Result "1-0"]
[WhiteElo "2214"]
[BlackElo "2074"]
[PlyCount "113"]
[EventDate "2017.10.01"]
[EventType "team"]
[EventRounds "11"]
[EventCountry "AUT"]
[WhiteTeam "SV Stockerau"]
[BlackTeam "SG Bisamberg/Korneuburg"]

1. c4 Nf6 2. Nf3 g6 3. g3 Bg7 4. Bg2 O-O 5. O-O d6 6. Nc3 Na6 7. d4 c5 8. d5
Nc7 9. e4 a6 10. Re1 b5 11. e5 Nd7 12. exd6 exd6 13. Bg5 Nf6 14. Nd2 h6 15. Bf4
Ng4 16. Nce4 f5 17. h3 fxe4 18. hxg4 g5 19. Be3 Bxb2 20. Rb1 Bc3 21. Bxe4 bxc4
22. Qc2 Qf6 23. Bg2 Bxd2 24. Qxd2 Bxg4 25. Rbc1 Rab8 26. Rxc4 Rb2 27. Rc2 Rxc2
28. Qxc2 Nb5 29. Qc4 Qc3 30. Rc1 Qxc4 31. Rxc4 Bf3 32. Ra4 Nc7 33. Bf1 Bxd5 34.
f4 gxf4 35. Bxf4 Rf6 36. Bxa6 Bf7 37. Bd3 Nd5 38. Ra8+ Kg7 39. Bc1 Rf3 40. Be4
Rxg3+ 41. Kf2 Rh3 42. Ra7 Nf6 43. Bf3 Rh2+ 44. Bg2 Rh4 45. Bb2 Rb4 46. Bc3 Rc4
47. Bxf6+ Kg6 48. Be7 Rc2+ 49. Kg3 Rxa2 50. Be4+ Kg7 51. Rd7 d5 52. Bf3 c4 53.
Bb4 Kg6 54. Kf4 Ra6 55. Bc3 Rb6 56. Bg4 Be6 57. Rg7#  1-0

[Event "NOE Landesliga 2017/2018"]
[Site "verschiedene"]
[Date "2017.10.29"]
[Round "3"]
[Board "1"]
[White "Mikes, Jan"]
[Black "Rumpl, Erwin"]
[Result "1-0"]
[WhiteElo "2233"]
[BlackElo "2295"]
[PlyCount "81"]
[EventDate "2017.10.01"]
[EventType "team"]
[EventRounds "11"]
[EventCountry "AUT"]
[WhiteTeam "SV Mistelbach"]
[BlackTeam "SV Amstetten"]

1. e4 e6 2. d4 b6 3. Bd3 Bb7 4. Ne2 c5 5. O-O cxd4 6. Nxd4 Bc5 7. Nb3 Be7 8.
Nc3 d6 9. Qe2 Nd7 10. f4 e5 11. fxe5 dxe5 12. Bb5 Ngf6 13. Bg5 a6 14. Bxf6 Bxf6
15. Bxd7+ Qxd7 16. Rad1 Qe6 17. Nd5 Bd8 18. c4 O-O 19. Kh1 Rc8 20. Nd2 b5 21.
b4 Be7 22. cxb5 Bxd5 23. exd5 Qxd5 24. bxa6 Bxb4 25. Nf3 Qe6 26. Rb1 Bd6 27.
Ng5 Qe7 28. Ne4 Bb4 29. h3 f5 30. a3 Bd6 31. Rb7 Bc7 32. Nc3 Qc5 33. Qa2+ Kh8
34. Nd5 Bb8 35. Ne7 Rcd8 36. Qe2 g6 37. Rfb1 Bc7 38. a7 Qxe7 39. Rc1 Rc8 40.
a8=Q Rxa8 41. Rcxc7  1-0

[Event "NOE Landesliga 2017/2018"]
[Site "verschiedene"]
[Date "2017.10.29"]
[Round "3"]
[Board "2"]
[White "Koller, Hans-Juergen"]
[Black "Gasa, Andrej"]
[Result "0-1"]
[WhiteElo "2133"]
[BlackElo "2259"]
[PlyCount "108"]
[EventDate "2017.10.01"]
[EventType "team"]
[EventRounds "11"]
[EventCountry "AUT"]
[WhiteTeam "SV Amstetten"]
[BlackTeam "SV Mistelbach"]

1. d4 Nf6 2. c4 e6 3. g3 Bb4+ 4. Bd2 Bxd2+ 5. Qxd2 Qe7 6. Nc3 d6 7. Bg2 O-O 8.
e4 e5 9. Nge2 Nbd7 10. O-O a5 11. h3 c6 12. Rad1 exd4 13. Nxd4 Nc5 14. Rfe1 h6
15. b3 Qc7 16. f4 Re8 17. Kh2 Re7 18. Nc2 Ne8 19. Ne3 Be6 20. Qd4 b6 21. f5 Bc8
22. f6 Nxf6 23. Qxd6 Qxd6 24. Rxd6 Bd7 25. Red1 Rc8 26. Nf5 Bxf5 27. exf5 Re3
28. Rc1 Nd3 29. Rc2 Ne1 30. Rc1 Nxg2 31. Kxg2 Nh5 32. Na4 Rxg3+ 33. Kh2 Re8 34.
Rc2 Ree3 35. Nxb6 Rxh3+ 36. Kg1 Re1+ 37. Kf2 Re8 38. Rcd2 Kh7 39. c5 Re5 40.
Nd7 Rxf5+ 41. Kg1 g6 42. Rxc6 Rc3 43. Rcd6 Nf4 44. c6 Ne6 45. Nb6 Ng5 46. R2d3
Nf3+ 47. Rxf3 Rfxf3 48. Nd5 Rc1+ 49. Kg2 Rf5 50. c7 a4 51. bxa4 Rxd5 52. Rxd5
Rxc7 53. a5 Rc2+ 54. Kg3 Rxa2  0-1

[Event "NOE Landesliga 2017/2018"]
[Site "verschiedene"]
[Date "2017.10.29"]
[Round "3"]
[Board "3"]
[White "Teuber, Andreas"]
[Black "Rechberger, Franz"]
[Result "1-0"]
[WhiteElo "2161"]
[BlackElo "2134"]
[PlyCount "69"]
[EventDate "2017.10.01"]
[EventType "team"]
[EventRounds "11"]
[EventCountry "AUT"]
[WhiteTeam "SV Mistelbach"]
[BlackTeam "SV Amstetten"]

1. d4 d5 2. c4 c6 3. Nf3 Nf6 4. e3 g6 5. Nc3 Bg7 6. Qb3 O-O 7. Bd2 a6 8. Be2
dxc4 9. Bxc4 e6 10. O-O b5 11. Be2 Nbd7 12. Rfd1 c5 13. Rac1 Bb7 14. dxc5 Nxc5
15. Qa3 Nd3 16. Bxd3 Qxd3 17. Nd4 Qc4 18. b3 Qc8 19. Nd5 Qb8 20. Ne7+ Kh8 21.
Bb4 Rd8 22. Ba5 Rd7 23. Nec6 Bxc6 24. Nxc6 Qb7 25. Rxd7 Qxd7 26. Ne5 Qd5 27.
Nxf7+ Kg8 28. Qe7 Re8 29. Qc7 Ng4 30. e4 Qxe4 31. Nd6 Qf4 32. Nxe8 Be5 33. Qc8
Qxf2+ 34. Kh1 Qf7 35. Qd7  1-0

[Event "NOE Landesliga 2017/2018"]
[Site "verschiedene"]
[Date "2017.10.29"]
[Round "3"]
[Board "4"]
[White "Wadsack, Winfried"]
[Black "Hajek, Oskar"]
[Result "1-0"]
[WhiteElo "2127"]
[BlackElo "2116"]
[PlyCount "103"]
[EventDate "2017.10.01"]
[EventType "team"]
[EventRounds "11"]
[EventCountry "AUT"]
[WhiteTeam "SV Amstetten"]
[BlackTeam "SV Mistelbach"]

1. e4 c5 2. c3 d6 3. d4 Nf6 4. dxc5 Nc6 5. f3 d5 6. exd5 Nxd5 7. Bc4 e6 8. Bxd5
exd5 9. Be3 b6 10. cxb6 Bd6 11. Ne2 O-O 12. O-O Re8 13. Bf2 Ba6 14. Re1 axb6
15. Nd2 Qc7 16. Bg3 Ne5 17. Nf4 Rad8 18. Nb3 Nc4 19. Rxe8+ Rxe8 20. Nxd5 Qb8
21. Bxd6 Nxd6 22. Nd4 Bb7 23. Nb4 Nc4 24. b3 Ne3 25. Qd2 f5 26. Re1 f4 27. Nbc2
Qe5 28. Nxe3 fxe3 29. Qd3 Bc8 30. Qb5 Qe7 31. a4 Bd7 32. Qb4 Qh4 33. g3 Qh6 34.
Qc4+ Kh8 35. Qd5 Bc8 36. Qf7 Rd8 37. Qe7 Rg8 38. Rxe3 Qg6 39. Qe4 Qd6 40. b4
Qd7 41. b5 Bb7 42. Qe6 Qd8 43. Re5 Qa8 44. Qxb6 Bxf3 45. Qa6 Qf8 46. Rf5 Qe7
47. Rxf3 Qe1+ 48. Kg2 Qd2+ 49. Rf2 Qxc3 50. Nf3 Rf8 51. Qc6 g5 52. Qxc3+  1-0

[Event "NOE Landesliga 2017/2018"]
[Site "verschiedene"]
[Date "2017.10.29"]
[Round "3"]
[Board "1"]
[White "Krejci, Jan"]
[Black "Bauer, Thomas"]
[Result "1-0"]
[WhiteElo "2538"]
[BlackElo "2178"]
[PlyCount "57"]
[EventDate "2017.10.01"]
[EventType "team"]
[EventRounds "11"]
[EventCountry "AUT"]
[WhiteTeam "SK Zwettl"]
[BlackTeam "SG Litschau/Eisgarn"]

1. d4 Nf6 2. c4 g6 3. g3 Bg7 4. Bg2 O-O 5. Nc3 d6 6. Nf3 Nc6 7. O-O a6 8. Re1
Rb8 9. Rb1 e5 10. d5 Ne7 11. e4 h6 12. c5 Nd7 13. b4 f5 14. Ba3 Nf6 15. Nd2 f4
16. Nc4 b5 17. cxb6 fxg3 18. hxg3 cxb6 19. b5 Ne8 20. bxa6 Qc7 21. Qa4 Ra8 22.
Rxb6 Bd7 23. Qb3 Rc8 24. Bf1 Rf3 25. Rb7 Qd8 26. Be2 Nf5 27. exf5 Rxf5 28. Ne4
Ra8 29. Nb6  1-0

[Event "NOE Landesliga 2017/2018"]
[Site "verschiedene"]
[Date "2017.10.29"]
[Round "3"]
[Board "2"]
[White "Plasil, Jiri"]
[Black "Blatny, Pavel"]
[Result "1-0"]
[WhiteElo "2069"]
[BlackElo "2351"]
[PlyCount "75"]
[EventDate "2017.10.01"]
[EventType "team"]
[EventRounds "11"]
[EventCountry "AUT"]
[WhiteTeam "SG Litschau/Eisgarn"]
[BlackTeam "SK Zwettl"]

1. Nf3 b6 2. d4 Bb7 3. Bf4 d6 4. e3 Nd7 5. Nbd2 g6 6. c3 Bg7 7. Qa4 a6 8. Be2
h6 9. O-O e6 10. Bg3 Ne7 11. h3 O-O 12. Ne1 f5 13. Qb3 Nd5 14. Bf3 Qc8 15. c4
N5f6 16. Bxb7 Qxb7 17. f3 Rae8 18. Nd3 Kh7 19. Rfe1 e5 20. dxe5 dxe5 21. e4 f4
22. Bf2 g5 23. c5 b5 24. a4 Nb8 25. axb5 Qxb5 26. Qxb5 axb5 27. Nb4 c6 28. Nb3
h5 29. Red1 Rf7 30. Ra8 Bf8 31. Kf1 Rfe7 32. Rda1 Kg6 33. Na6 Nxa6 34. Rxe8
Rxe8 35. Rxa6 Bg7 36. Na5 Re6 37. Rxc6 Rxc6 38. Nxc6  1-0

[Event "NOE Landesliga 2017/2018"]
[Site "verschiedene"]
[Date "2017.10.29"]
[Round "3"]
[Board "3"]
[White "Vyskocil, Neklan"]
[Black "Schuh, Patrick"]
[Result "1-0"]
[WhiteElo "2325"]
[BlackElo "2088"]
[PlyCount "89"]
[EventDate "2017.10.01"]
[EventType "team"]
[EventRounds "11"]
[EventCountry "AUT"]
[WhiteTeam "SK Zwettl"]
[BlackTeam "SG Litschau/Eisgarn"]

1. e4 c5 2. Nf3 d6 3. d4 cxd4 4. Qxd4 Nc6 5. Bb5 Bd7 6. Bxc6 Bxc6 7. Nc3 Nf6 8.
Bg5 e6 9. O-O-O Be7 10. Qd3 Qa5 11. h4 a6 12. Nd4 h6 13. Bxf6 gxf6 14. Rh3 Rc8
15. Re3 b5 16. Nb3 Qb6 17. Nd5 exd5 18. exd5 Ba8 19. Qe4 Rc7 20. Nd4 Kd8 21.
Nf5 Re8 22. Nxh6 Kc8 23. Nxf7 Kb8 24. Nh6 Rec8 25. Nf5 Rxc2+ 26. Qxc2 Rxc2+ 27.
Kxc2 Qc5+ 28. Kb1 Bd8 29. Re8 Qb6 30. g4 Kc7 31. Re3 Kd7 32. h5 Qc5 33. h6 Bxd5
34. h7 Qc4 35. h8=Q Qxa2+ 36. Kc1 Qa1+ 37. Kc2 Qa4+ 38. b3 Qa2+ 39. Kc1 Qa3+
40. Kd2 Bxb3 41. Qe8+ Kc7 42. Rc1+ Kb7 43. Qd7+ Kb6 44. Qxd8+ Kb7 45. Re7#  1-0

[Event "NOE Landesliga 2017/2018"]
[Site "verschiedene"]
[Date "2017.10.29"]
[Round "3"]
[Board "4"]
[White "Ptacnik, Pavel"]
[Black "Holemar, David"]
[Result "1/2-1/2"]
[WhiteElo "2102"]
[BlackElo "2295"]
[PlyCount "77"]
[EventDate "2017.10.01"]
[EventType "team"]
[EventRounds "11"]
[EventCountry "AUT"]
[WhiteTeam "SG Litschau/Eisgarn"]
[BlackTeam "SK Zwettl"]

1. d4 g6 2. Nf3 Bg7 3. e4 d6 4. Bd3 e5 5. dxe5 dxe5 6. O-O Ne7 7. Bg5 Be6 8.
Qc1 O-O 9. Bh6 f6 10. Nc3 Nd7 11. Bxg7 Kxg7 12. Qe3 c6 13. Rad1 Qb6 14. Qxb6
axb6 15. Bc4 Bxc4 16. Rxd7 Kf7 17. Rfd1 Rfb8 18. a3 Be6 19. R7d6 b5 20. h3 Nc8
21. Rd8 Nb6 22. Rxb8 Rxb8 23. Ne1 Ra8 24. Nd3 Nd7 25. f3 Ke7 26. Kf2 Bc4 27.
Nb4 Nc5 28. Ke3 g5 29. Ne2 Na4 30. Rb1 Be6 31. Nd3 h5 32. Ng3 h4 33. Nf1 Ba2
34. Ra1 Bc4 35. b3 Bxd3 36. Kxd3 Nc5+ 37. Kc3 Ne6 38. Ne3 Nd4 39. Kb2  1/2-1/2

[Event "NOE Landesliga 2017/2018"]
[Site "verschiedene"]
[Date "2017.11.12"]
[Round "4"]
[Board "1"]
[White "Bauer, Thomas"]
[Black "Mikes, Jan"]
[Result "0-1"]
[WhiteElo "2178"]
[BlackElo "2233"]
[PlyCount "72"]
[EventDate "2017.10.01"]
[EventType "team"]
[EventRounds "11"]
[EventCountry "AUT"]
[WhiteTeam "SG Litschau/Eisgarn"]
[BlackTeam "SV Mistelbach"]

1. e4 c5 2. Nf3 d6 3. d4 cxd4 4. Nxd4 Nf6 5. Nc3 a6 6. a3 e5 7. Nf5 d5 8. Bg5
d4 9. Bxf6 gxf6 10. Na2 Bxf5 11. exf5 Qa5+ 12. c3 Nc6 13. Bc4 O-O-O 14. Qh5 e4
15. Qxf7 Kb8 16. Qxf6 Bd6 17. O-O-O Rhf8 18. Qh4 Qxf5 19. Rhf1 Na5 20. Be2 d3
21. Bg4 Qd5 22. Kb1 Qb3 23. Ka1 Nc4 24. Rb1 Nd2 25. Qxh7 Qg8 26. Qxg8 Rxg8 27.
Be6 Rge8 28. Bd5 Re5 29. Rfd1 Nxb1 30. c4 Rf8 31. Kxb1 Rxf2 32. Nc3 e3 33. Ne4
Rxe4 34. Bxe4 e2 35. Rxd3 e1=Q+ 36. Ka2 Qxe4  0-1

[Event "NOE Landesliga 2017/2018"]
[Site "verschiedene"]
[Date "2017.11.12"]
[Round "4"]
[Board "2"]
[White "Hofmann, Thomas"]
[Black "Plasil, Jiri"]
[Result "1/2-1/2"]
[WhiteElo "2244"]
[BlackElo "2069"]
[PlyCount "82"]
[EventDate "2017.10.01"]
[EventType "team"]
[EventRounds "11"]
[EventCountry "AUT"]
[WhiteTeam "SV Mistelbach"]
[BlackTeam "SG Litschau/Eisgarn"]

1. e4 d5 2. exd5 Qxd5 3. Nc3 Qa5 4. Bc4 Nf6 5. d3 Bg4 6. f3 Bf5 7. Qe2 Nbd7 8.
g4 Bg6 9. f4 h6 10. Bd2 Qb6 11. h3 Bh7 12. Nf3 Bg8 13. f5 O-O-O 14. O-O-O a6
15. Be3 Qd6 16. Ne4 Nxe4 17. dxe4 Qc6 18. Bd5 Qb5 19. Qd2 c5 20. Bb3 Re8 21.
Bf4 e6 22. e5 Be7 23. fxe6 fxe6 24. Bc4 Qc6 25. Bf1 Rd8 26. Bg2 Qa4 27. b3 Qxa2
28. Qc3 Kb8 29. Nd2 Qa3+ 30. Kb1 Qb4 31. Qf3 Bh7 32. Nc4 Rhf8 33. Qg3 Kc7 34.
Bd2 Qb5 35. Ba5+ b6 36. Bd2 Nb8 37. Kb2 Rd4 38. Bc3 Rxc4 39. Bf1 Rxc3 40. Qxc3
Qc6 41. Rg1 Be4  1/2-1/2

[Event "NOE Landesliga 2017/2018"]
[Site "verschiedene"]
[Date "2017.11.12"]
[Round "4"]
[Board "3"]
[White "Popelka, Oldrich"]
[Black "Teuber, Andreas"]
[Result "0-1"]
[WhiteElo "2123"]
[BlackElo "2161"]
[PlyCount "66"]
[EventDate "2017.10.01"]
[EventType "team"]
[EventRounds "11"]
[EventCountry "AUT"]
[WhiteTeam "SG Litschau/Eisgarn"]
[BlackTeam "SV Mistelbach"]

1. c4 Nf6 2. Nc3 c6 3. Nf3 g6 4. e4 Bg7 5. Be2 d6 6. d4 Nbd7 7. O-O O-O 8. h3
e5 9. dxe5 dxe5 10. Be3 Qe7 11. a3 Nh5 12. Qc1 Nc5 13. Qc2 Nf4 14. Rfd1 g5 15.
Bxf4 exf4 16. Bd3 h5 17. Ne2 Rd8 18. Rab1 g4 19. hxg4 hxg4 20. Nh2 Be5 21. b4
Nxd3 22. Rxd3 Be6 23. Rbd1 Rxd3 24. Rxd3 Kg7 25. f3 g3 26. Ng4 Bxg4 27. fxg4 a5
28. Nd4 Bxd4+ 29. Rxd4 axb4 30. c5 Rxa3 31. Qb2 Qxc5 32. Kf1 Rc3 33. Rxb4 Kg6
 0-1

[Event "NOE Landesliga 2017/2018"]
[Site "verschiedene"]
[Date "2017.11.12"]
[Round "4"]
[Board "4"]
[White "Hajek, Oskar"]
[Black "Ptacnik, Pavel"]
[Result "1/2-1/2"]
[WhiteElo "2116"]
[BlackElo "2102"]
[PlyCount "80"]
[EventDate "2017.10.01"]
[EventType "team"]
[EventRounds "11"]
[EventCountry "AUT"]
[WhiteTeam "SV Mistelbach"]
[BlackTeam "SG Litschau/Eisgarn"]

1. e4 c5 2. Nf3 d6 3. d4 cxd4 4. Qxd4 e5 5. Qd1 Be7 6. Bc4 Nf6 7. Nc3 O-O 8. h3
a6 9. a4 Qc7 10. Ba2 Nbd7 11. O-O Nc5 12. Re1 Be6 13. Bxe6 Nxe6 14. Nh4 Rfd8
15. Nf5 Bf8 16. Qf3 Nd4 17. Nxd4 exd4 18. Ne2 Qxc2 19. Nxd4 Qc4 20. Be3 Re8 21.
Rec1 Qb4 22. b3 Rxe4 23. Rc4 Qa5 24. Rac1 Qd5 25. Rc8 Re8 26. R8c7 Qxf3 27.
Nxf3 b5 28. axb5 axb5 29. Rb7 Nd5 30. Nd4 Rab8 31. Rd7 Re7 32. Rxd6 Nxe3 33.
fxe3 Rxe3 34. Rd7 Re7 35. Rxe7 Bxe7 36. Nc6 Bg5 37. Re1 Rc8 38. Na7 Rb8 39.
Nxb5 f6 40. Nd6 h5  1/2-1/2

[Event "NOE Landesliga 2017/2018"]
[Site "verschiedene"]
[Date "2017.11.12"]
[Round "4"]
[Board "1"]
[White "Sandhoefner, Florian"]
[Black "Schmidrathner, Christian"]
[Result "1-0"]
[WhiteElo "2267"]
[BlackElo "2074"]
[PlyCount "69"]
[EventDate "2017.10.01"]
[EventType "team"]
[EventRounds "11"]
[EventCountry "AUT"]
[WhiteTeam "SV Amstetten"]
[BlackTeam "SG Bisamberg/Korneuburg"]

1. d4 Nf6 2. c4 g6 3. Nc3 Bg7 4. e4 d6 5. Nf3 O-O 6. Be2 e5 7. O-O Nc6 8. d5
Ne7 9. Ne1 Nd7 10. Be3 f5 11. f3 Rf7 12. Nd3 f4 13. Bf2 Bf8 14. c5 Nf6 15. Rc1
g5 16. cxd6 cxd6 17. Nb5 Ng6 18. Nxa7 Bd7 19. Qb3 g4 20. Bb6 Qe7 21. Rc7 g3 22.
h3 Ne8 23. Rxb7 Qh4 24. Rxd7 Rxd7 25. Nc6 Rb7 26. a4 Ne7 27. Ndxe5 dxe5 28. d6+
Kg7 29. dxe7 Bxe7 30. Rc1 Qf6 31. a5 Rxa5 32. Nxa5 Rxb6 33. Qc2 Qd6 34. Nc6 Bf8
35. b4  1-0

[Event "NOE Landesliga 2017/2018"]
[Site "verschiedene"]
[Date "2017.11.12"]
[Round "4"]
[Board "2"]
[White "Wetscherek, Gerhard"]
[Black "Rumpl, Erwin"]
[Result "0-1"]
[WhiteElo "2041"]
[BlackElo "2295"]
[PlyCount "94"]
[EventDate "2017.10.01"]
[EventType "team"]
[EventRounds "11"]
[EventCountry "AUT"]
[WhiteTeam "SG Bisamberg/Korneuburg"]
[BlackTeam "SV Amstetten"]

1. e4 e6 2. d4 b6 3. c4 Bb7 4. Nc3 Bb4 5. d5 Qe7 6. Be2 Nf6 7. Qd3 exd5 8. exd5
Na6 9. Be3 Nc5 10. Bxc5 Qxc5 11. Nh3 O-O 12. O-O Rae8 13. Bf3 Ba6 14. b3 Re5
15. Rfe1 Qe7 16. Re3 Rxe3 17. fxe3 Re8 18. Nd1 Bc5 19. Nf4 Bc8 20. Rc1 Qe5 21.
Ne2 d6 22. Nd4 Ng4 23. Bxg4 Bxg4 24. Nf2 Qxe3 25. Qxe3 Rxe3 26. Kf1 Bxd4 27.
Nxg4 Re4 28. h3 f5 29. Nh2 g5 30. Nf3 Bf6 31. Re1 Rxe1+ 32. Nxe1 h5 33. Nc2 Kf7
34. Ke2 Kg6 35. b4 g4 36. b5 Kg5 37. hxg4 fxg4 38. Nb4 Kf4 39. Nc6 Kg3 40. Kf1
Kh2 41. Nxa7 h4 42. Nc6 h3 43. g3 Kxg3 44. Kg1 Kf3 45. a4 g3 46. c5 g2 47. cxd6
Kg3  0-1

[Event "NOE Landesliga 2017/2018"]
[Site "verschiedene"]
[Date "2017.11.12"]
[Round "4"]
[Board "3"]
[White "Wadsack, Wolfgang"]
[Black "Seidler, Dieter"]
[Result "1-0"]
[WhiteElo "2161"]
[BlackElo "1936"]
[PlyCount "72"]
[EventDate "2017.10.01"]
[EventType "team"]
[EventRounds "11"]
[EventCountry "AUT"]
[WhiteTeam "SV Amstetten"]
[BlackTeam "SG Bisamberg/Korneuburg"]

1. e4 e6 2. d4 d5 3. Nc3 Bb4 4. Bd2 dxe4 5. Qg4 Nf6 6. Qxg7 Rg8 7. Qh6 Qxd4 8.
O-O-O Rg6 9. Qh4 Rg4 10. Qh3 Qxf2 11. Be3 Qf5 12. Bb5+ Ke7 13. Rf1 Qg6 14. Nge2
c6 15. Bc4 Nd5 16. Bxd5 Bxc3 17. Bc5+ Ke8 18. Qxc3 exd5 19. Qh8+ Kd7 20. Qf8
Kc7 21. Rxf7+ Nd7 22. Rhf1 b6 23. Be3 Kb7 24. g3 Qg8 25. Qe7 a5 26. Nd4 Rg6 27.
Ne6 Ra7 28. Qd6 Ka6 29. Qxc6 Rb7 30. Qxd5 Ne5 31. Rxb7 Bxb7 32. Nc7+ Ka7 33.
Qxe5 Qc4 34. Qxa5+ Ba6 35. Qxa6+ Qxa6 36. Nxa6 Kxa6  1-0

[Event "NOE Landesliga 2017/2018"]
[Site "verschiedene"]
[Date "2017.11.12"]
[Round "4"]
[Board "4"]
[White "Ayatollahi, Ehsan"]
[Black "Rechberger, Franz"]
[Result "0-1"]
[WhiteElo "1931"]
[BlackElo "2134"]
[PlyCount "74"]
[EventDate "2017.10.01"]
[EventType "team"]
[EventRounds "11"]
[EventCountry "AUT"]
[WhiteTeam "SG Bisamberg/Korneuburg"]
[BlackTeam "SV Amstetten"]

1. d4 Nf6 2. c4 e6 3. Nf3 d5 4. Nc3 c6 5. e3 Nbd7 6. Bd3 dxc4 7. Bxc4 b5 8. Bd3
a6 9. e4 c5 10. d5 c4 11. Bc2 Qc7 12. dxe6 fxe6 13. O-O Bd6 14. Qe2 Bb7 15. h3
O-O 16. Nd4 Nc5 17. Re1 Bh2+ 18. Kh1 Be5 19. Be3 Rae8 20. Nf3 Bxc3 21. Bxc5
Bxe1 22. Bxf8 Ba5 23. e5 Rxf8 24. exf6 Rxf6 25. Ng5 g6 26. Rd1 Qf4 27. Be4 Bc7
28. g3 Bxe4+ 29. Nxe4 Qf3+ 30. Qxf3 Rxf3 31. Rd7 Rf7 32. Rxf7 Kxf7 33. Ng5+ Ke7
34. Nxh7 Be5 35. Ng5 Bxb2 36. Nf3 b4 37. Kg2 Bc3  0-1

[Event "NOE Landesliga 2017/2018"]
[Site "verschiedene"]
[Date "2017.11.12"]
[Round "4"]
[Board "1"]
[White "Groetz, Harald"]
[Black "Lendwai, Reinhard"]
[Result "1/2-1/2"]
[WhiteElo "2335"]
[BlackElo "2380"]
[PlyCount "27"]
[EventDate "2017.10.01"]
[EventType "team"]
[EventRounds "11"]
[EventCountry "AUT"]
[WhiteTeam "SV Stockerau"]
[BlackTeam "SK Advisory Invest Baden"]

1. Nf3 d5 2. g3 c6 3. Bg2 Nf6 4. O-O Bf5 5. b3 h6 6. Bb2 e6 7. c4 Be7 8. d3 O-O
9. Nbd2 Bh7 10. Qc2 a5 11. a3 Na6 12. Bc3 Nd7 13. Qb2 Bf6 14. b4  1/2-1/2

[Event "NOE Landesliga 2017/2018"]
[Site "verschiedene"]
[Date "2017.11.12"]
[Round "4"]
[Board "2"]
[White "Hofegger, Jakob"]
[Black "Piringer, Florian"]
[Result "1/2-1/2"]
[WhiteElo "2111"]
[BlackElo "2183"]
[PlyCount "56"]
[EventDate "2017.10.01"]
[EventType "team"]
[EventRounds "11"]
[EventCountry "AUT"]
[WhiteTeam "SK Advisory Invest Baden"]
[BlackTeam "SV Stockerau"]

1. Nf3 d5 2. g3 g6 3. Bg2 Bg7 4. O-O Nf6 5. d3 O-O 6. Nbd2 c6 7. e4 Bg4 8. h3
Bxf3 9. Qxf3 Nbd7 10. Qe2 e5 11. b3 Re8 12. Bb2 Qc7 13. a4 a5 14. Rfe1 Rad8 15.
Rad1 d4 16. h4 b5 17. Ra1 b4 18. Nc4 Rf8 19. Qf3 Ne8 20. Rad1 Nd6 21. Nd2 Nc5
22. Bc1 Bh6 23. Rf1 f6 24. h5 Rd7 25. hxg6 hxg6 26. Qg4 Rg7 27. Qh3 Rh7 28. Qg4
Rg7  1/2-1/2

[Event "NOE Landesliga 2017/2018"]
[Site "verschiedene"]
[Date "2017.11.12"]
[Round "4"]
[Board "3"]
[White "Enkhjargal, Budjav"]
[Black "Zojer, Stefan"]
[Result "0-1"]
[WhiteElo "1958"]
[BlackElo "2127"]
[PlyCount "82"]
[EventDate "2017.10.01"]
[EventType "team"]
[EventRounds "11"]
[EventCountry "AUT"]
[WhiteTeam "SV Stockerau"]
[BlackTeam "SK Advisory Invest Baden"]

1. e4 e5 2. Nf3 Nc6 3. Bb5 a6 4. Bxc6 dxc6 5. d4 exd4 6. Qxd4 Qxd4 7. Nxd4 Bd7
8. O-O O-O-O 9. Be3 Ne7 10. Nd2 c5 11. N4b3 b6 12. Nf3 f6 13. Rad1 Ng6 14. Rd2
Re8 15. e5 Nxe5 16. Nxe5 Rxe5 17. Rfd1 Bc6 18. Rd8+ Kb7 19. Nc1 Re8 20. Rxe8
Bxe8 21. Rd2 Bd6 22. Nd3 Bf7 23. a4 Re8 24. g3 Kc6 25. Nf4 Re4 26. b3 c4 27.
Ne2 cxb3 28. Nd4+ Kb7 29. cxb3 Bc5 30. Nf5 Bxe3 31. Nxe3 Kc8 32. Nd5 Re5 33.
Nb4 Bxb3 34. Nc6 Bxa4 35. Nb4 c5 36. Nd5 Re1+ 37. Kg2 Bc6 38. Kh3 Bxd5 39. Rxd5
Rc1 40. Kg4 b5 41. Rh5 b4  0-1

[Event "NOE Landesliga 2017/2018"]
[Site "verschiedene"]
[Date "2017.11.12"]
[Round "4"]
[Board "4"]
[White "Herndlbauer, Martin"]
[Black "Pernerstorfer, Johannes"]
[Result "1-0"]
[WhiteElo "2081"]
[BlackElo "2074"]
[PlyCount "37"]
[EventDate "2017.10.01"]
[EventType "team"]
[EventRounds "11"]
[EventCountry "AUT"]
[WhiteTeam "SK Advisory Invest Baden"]
[BlackTeam "SV Stockerau"]

1. d4 Nf6 2. Nf3 b6 3. e3 Bb7 4. Bd3 e6 5. O-O Ne4 6. Ne5 d6 7. Nxf7 Kxf7 8.
Qf3+ Qf6 9. Bxe4 Bxe4 10. Qxe4 d5 11. Qd3 c5 12. c4 dxc4 13. Qe4 Nd7 14. Qxa8
cxd4 15. exd4 Qxd4 16. Nd2 b5 17. Nf3 Qd5 18. Qxa7 Ke8 19. Be3  1-0